| 000 | 00486nam a22001697a 4500 | ||
|---|---|---|---|
| 999 |
_c24949 _d24949 |
||
| 003 | BDDh-ASL | ||
| 005 | 20231015030428.0 | ||
| 008 | 210618s2007 bg ||||| |||| 00| 0 eng d | ||
| 040 |
_aBDDh-ASL _cBDDh-ASL |
||
| 082 |
_a323.52 _bAHS |
||
| 100 | 1 |
_9410 _aAhmed, Kamal Uddin |
|
| 245 | 1 | 0 | _aState of Human Rights in Japan in the New Millennium / |
| 260 |
_aDhaka: _bHope Multimedia, _c2007. |
||
| 300 |
_a231 p. : _c22 cm. |
||
| 650 | 0 |
_92801 _aHuman Rights _zJapan |
|
| 942 |
_2ddc _cBK |
||